000 00433nam a2200181Ia 4500
001 24164
005 20260414151025.0
008 260414t2018||||xx |||||||||||||| ||spa||
041 _aESP
082 _a791.43
_bL46 V. 2
100 _aLeón Frias, Isaac
_eAUT
245 0 _aHablemos de cine (antología)
_b
260 _c2018
300 _a508 páginas :
_c24 cm.
650 _aABD
654 _aCAU
942 _cLIB
_dJUS
_fJUS
_2ddc
_n
999 _c24164
_d24164